UK Singles Chart #1's (2011) - Statistics

General Stats
  • This quiz has been taken 495 times
  • The average score is 11 of 30
Answer Stats
Artist Song Title % Correct
Bruno Mars Grenade
77%
Jessie J feat. B.o.B Price Tag
75%
Adele Someone Like You
71%
LMFAO feat. Lauren Bennett & GoonRock Party Rock Anthem
63%
One Direction What Makes You Beautiful
60%
Jennifer Lopez feat. Pitbull On the Floor
58%
Rihanna feat. Calvin Harris We Found Love
57%
Rihanna feat. Drake What's My Name?
57%
Cher Lloyd Swagger Jagger
49%
Pitbull feat. Ne-Yo, Afrojack & Nayer Give Me Everything
46%
Olly Murs feat. Rizzle Kicks Heart Skips a Beat
46%
Professor Green feat. Emeli Sande Read All About It
45%
The Wanted Glad You Came
43%
Little Mix Cannonball
38%
Ke$ha We R Who We R
31%
Dappy No Regrets
30%
Nicole Scherzinger Don't Hold Your Breath
27%
Wretch 32 feat. Josh Kumra Don't Go
23%
JLS feat. Dev She Makes Me Wanna
23%
Bruno Mars The Lazy Song
23%
Pixie Lott All About Tonight
22%
DJ Fresh feat. Sian Evans Louder
22%
Olly Murs Dance with Me Tonight
21%
Nero Promises
21%
Example Changed the Way You Kissed Me
20%
Sak Noel Loca People
19%
Jason Derulo Don't Wanna Go Home
13%
Example Stay Awake
13%
The X Factor Finalists 2011 Wishing on a Star
8%
Military Wives, Gareth Malone & Paul Mealor Wherever You Are
5%
No matching quizzes found
Score Distribution
Percent of People with Each Score
Percentile by Number Answered
Your Score History
You have not taken this quiz